O Slovenskej cirkevnej provincii II.

Bibliographic Details
Main Author: Chňoupek, Bohuš, 1925-2004 (Author)
Format: Article
Language:Slovak
ISSN:1335-7786
Subjects:

MARC

LEADER 00000nab a2200000 a 4500
001 vtls000808008
003 SK-MaSNL
005 20260304104717.0
008 250429c2002 xo 0 slo
015 |a SNBRB2002/10-30543 
035 |a CLN000159663 
035 |a urn:nbn:sk:snk-aberce 
035 |a (urnnbn)urn:nbn:sk:snk:ar-000g13 
035 |a (uuid)3e9ec78c-1c02-487f-9aa6-c088148a8bbb 
040 |a SNKBUCL  |b slo  |c SNKBUCL  |e AACR2 
041 0 |a slo 
044 |a xo  |c SK 
080 |a 262.3(437.6)(091)"197"  |2 1997 
100 1 |a Chňoupek, Bohuš,  |d 1925-2004  |4 aut  |9 163980 
245 1 0 |a O Slovenskej cirkevnej provincii  |n II.  |c Bohuš Chňoupek 
610 7 |a Slovenská cirkevná provincia  |x vznik  |y stor. 20., r. 70.  |2 snkbucl  |9 1405138 
655 7 |a články z novín a časopisov  |2 snkbucl  |9 267496 
773 0 |t Slovenské pohľady  |g Roč. 4+118, č. 9 (2002), s. 49-57  |x 1335-7786 
850 |a Slovenská národná knižnica 
852 |a Slovenská národná knižnica 
958 |a article27 
958 |a SK 
958 |a OND 
958 |a EUIPO 
992 |a RBX 
999 |c 2852613  |d 2854543